[Event "Online Olym Disabilities"]
[Site "Tornelo INT"]
[Date "2020.11.27"]
[Round "7.19"]
[White "Aghalarov, Habibulla"]
[Black "Simone, Valeria"]
[Result "1-0"]
[WhiteElo "1923"]
[BlackElo "1453"]
[PlyCount "71"]
[EventDate "2020.11.21"]
[EventType "team-swiss (rapid)"]
[EventRounds "7"]
[EventCountry "NET"]
[SourceTitle "CBM 199 Extra"]
[Source "ChessBase"]
[SourceDate "2021.01.31"]
[SourceVersion "1"]
[SourceVersionDate "2021.01.31"]
[SourceQuality "1"]
[WhiteTeam "Azerbaijan"]
[BlackTeam "Argentina"]
[WhiteTeamCountry "AZE"]
[BlackTeamCountry "ARG"]

1. e4 c5 2. Nf3 Nc6 3. Bb5 d6 4. d4 cxd4 5. Qxd4 Bd7 6. Bxc6 Bxc6 7. Nc3 Nf6 8. Bg5 e6 9. 0-0-0 Be7 10. Rhe1 Qb6 11. Qd2 Rd8 12. Nd4 0-0 13. f3 Rd7 14. Kb1 Rfd8 15. g4 a5 16. a4 Qb4 17. b3 Rc8 18. Ncb5 Qxd2 19. Bxd2 e5 20. Na7 Ra8 21. Ndxc6 bxc6 22. Nxc6 Bd8 23. Nxd8 Rdxd8 24. Bg5 Ra6 25. Bxf6 gxf6 26. Rd5 Kg7 27. h4 Kg6 28. Red1 h5 29. Kb2 Rd7 30. c4 hxg4 31. fxg4 Rd8 32. c5 Rb8 33. Rxd6 Rxd6 34. cxd6 Rd8 35. d7 Kg7 36. b4 1-0

[Event "La Punta Visually limited"]
[Site "La Punta"]
[Date "2019.12.??"]
[Round "3.1"]
[White "Miranda, Juan Javier"]
[Black "Simone, Valeria"]
[Result "1-0"]
[WhiteElo "1588"]
[BlackElo "1453"]
[PlyCount "93"]
[EventDate "2019.12.10"]
[EventType "tourn"]
[EventRounds "6"]
[EventCountry "ARG"]
[SourceTitle "EXT 2024"]
[Source "ChessBase"]
[SourceDate "2023.10.10"]
[SourceVersion "1"]
[SourceVersionDate "2023.10.10"]
[SourceQuality "1"]

1. e4 e5 2. d4 d6 3. Nf3 exd4 4. Qxd4 Nf6 5. Nc3 Nc6 6. Qe3 g6 7. h3 Bg7 8. Bd2 0-0 9. 0-0-0 Be6 10. Kb1 Re8 11. g4 a6 12. Ng5 Bh6 13. Qg3 Bg7 14. Nxe6 Rxe6 15. f3 b5 16. h4 b4 17. Nd5 a5 18. h5 Qb8 19. hxg6 fxg6 20. Nxf6+ Bxf6 21. Bc4 Qe8 22. Rxh7 Kxh7 23. Qh3+ Kg7 24. Qh6+ Kf7 25. Qh7+ Bg7 26. Bh6 Qh8 27. Bxe6+ Kxe6 28. Qxg6+ Kd7 29. Bxg7 Qg8 30. Rh1 Ne7 31. Qf6 Qe6 32. Qg5 Qg6 33. Rh5 Qxg5 34. Rxg5 Rg8 35. Bf6 Rxg5 36. Bxg5 Ng6 37. f4 c6 38. Kc1 d5 39. exd5 cxd5 40. Kd2 Kd6 41. Kd3 Nf8 42. f5 Nh7 43. Bd8 a4 44. Kd4 Kd7 45. Bh4 Kd6 46. g5 Nxg5 47. Bxg5 1-0

[Event "Realico Visually limited"]
[Site "Realico"]
[Date "2019.08.02"]
[Round "1.2"]
[White "Simone, Valeria"]
[Black "Karlsen, Alberto"]
[Result "0-1"]
[WhiteElo "1688"]
[BlackElo "2018"]
[PlyCount "120"]
[EventDate "2019.08.02"]
[EventType "swiss"]
[EventRounds "5"]
[EventCountry "ARG"]
[SourceTitle "EXT 2024"]
[Source "ChessBase"]
[SourceDate "2023.10.10"]
[SourceVersion "1"]
[SourceVersionDate "2023.10.10"]
[SourceQuality "1"]

1. e4 d6 2. d4 Nd7 3. Nf3 e6 4. Nc3 a6 5. Bd3 b5 6. 0-0 Bb7 7. a3 Ngf6 8. Bg5 Be7 9. Re1 h6 10. Bh4 c5 11. e5 dxe5 12. dxe5 Nd5 13. Nxd5 Bxh4 14. Nxh4 Bxd5 15. Nf3 Qc7 16. Be4 Nb6 17. b3 Rd8 18. Bxd5 Nxd5 19. Qe2 0-0 20. c4 Nf4 21. Qe3 Ng6 22. cxb5 axb5 23. Rac1 Rd5 24. b4 c4 25. Rc3 Rfd8 26. g3 Rd3 27. Rxd3 Rxd3 28. Qe4 Rxa3 29. Nd4 Qb6 30. Rd1 Ra2 31. Ne2 Ne7 32. Rd6 f5 33. exf6 Qxd6 34. fxe7 Qxe7 35. Nc3 Ra1+ 36. Kg2 Qd7 37. Qe5 Qc6+ 38. f3 Ra3 39. Ne4 Ra2+ 40. Kh3 Qd5 41. Qxd5 exd5 42. Nc3 Ra3 43. Nxd5 Rxf3 44. Kg4 Rb3 45. Kf4 c3 46. Ke3 c2+ 47. Kd2 Rb2 48. h4 Kf7 49. g4 Ke6 50. Kc1 Ra2 51. Nc3 Ra1+ 52. Kxc2 Rg1 53. Kd3 Rg3+ 54. Kd4 Rxg4+ 55. Kc5 Rc4+ 56. Kxb5 Rxc3 57. Ka6 Kf5 58. b5 Kg4 59. b6 Kxh4 60. b7 Rb3 0-1